Southville International School and Colleges
Your cart is empty.
  • Cart
  • Lists
    Public lists Eva Luna New books Lux_list list_1
    Your lists Log in to create your own lists
  • Log in to your account
  • Your cookies
  • Search history
Southville International School and Colleges
  • Advanced search
  • Recent comments
  • Most popular
  • Libraries

Log in to your account

Log in with GOOGLE


If you do not have an external account, but do have a local account, you can still log in:

  1. Home
  2. MARC view: My Bible friends, bk. 4 / :
Normal view MARC view ISBD view

My Bible friends, bk. 4 / : (Record no. 109883)

[ view plain ]
MARC details
000 -LEADER
fixed length control field 00669nam a2200205 a 4500
001 - CONTROL NUMBER
control field 1004
005 - DATE AND TIME OF LATEST TRANSACTION
control field 20140414131845.0
008 - FIXED-LENGTH DATA ELEMENTS--GENERAL INFORMATION
fixed length control field 041013s19uu xx 00 eng d
050 ## - LIBRARY OF CONGRESS CALL NUMBER
Classification number M 220.9
Item number D37 Bk.4
100 ## - MAIN ENTRY--PERSONAL NAME
Personal name Degering, Etta
245 ## - TITLE STATEMENT
Title My Bible friends, bk. 4 / :
Statement of responsibility, etc Etta Degering.
Remainder of title Samuel, the Little Priest--David, the Youngest Boy /
260 ## - PUBLICATION, DISTRIBUTION, ETC. (IMPRINT)
Place of publication, distribution, etc Manila, Philippines :
Name of publisher, distributor, etc Philippine Publishing,
Date of publication, distribution, etc [n.d.]
300 ## - PHYSICAL DESCRIPTION
Extent 1 v. : ill. ; cm.
440 ## - SERIES STATEMENT/ADDED ENTRY--TITLE
Title My Bible friends
500 ## - GENERAL NOTE
General note Contents: Samuel, the Little Priest--David, the Youngest Boy.
650 ## - SUBJECT ADDED ENTRY--TOPICAL TERM
Topical term or geographic name as entry element Bible stories
General subdivision O.T.
650 ## - SUBJECT ADDED ENTRY--TOPICAL TERM
Topical term or geographic name as entry element Bible Character, O.T.
Holdings
Withdrawn status Lost status Damaged status Use restrictions Home library Current library Shelving location Date acquired Source of acquisition Total Checkouts Full call number Barcode Date last seen Price effective from Koha item type
        Munich Library Munich Library Main Section 10/13/2004     M 220.9 D37 Bk.4 M0065 04/14/2014 04/14/2014 Books
        Munich Library Munich Library Main Section 06/22/2010     M 220.9 D37 Bk.4 M0064 04/14/2014 04/14/2014 Books

My Bible friends, bk. 4 / :

APA

Degering E., .My Bible friends, bk. 4. Manila, Philippines: Philippine Publishing.

Chicago

Degering Etta, .My Bible friends, bk. 4. Manila, Philippines: Philippine Publishing.

Harvard

Degering E., .My Bible friends, bk. 4. Manila, Philippines: Philippine Publishing.

MLA

Degering Etta, .Manila, Philippines: Philippine Publishing. .

  • Place hold
  • Print
  • Cite
  • Add to your cart (remove)
  • Save record
    BIBTEX Dublin Core MARCXML MARC (non-Unicode/MARC-8) MARC (Unicode/UTF-8) MARC (Unicode/UTF-8, Standard) MODS (XML) RIS
  • More searches
    Search for this title in:
    Other Libraries (WorldCat) Other Databases (Google Scholar) Online Stores (Bookfinder.com) Open Library (openlibrary.org)

Exporting to Dublin Core...

SOUTHVILLE LIBRARY

Southville International School and Colleges Library

1281 Tropical Ave. Cor. Luxembourg St., BF Homes International, Las Pinas City

Tel. No. 8256374 / 252358 Loc. 117/146

Powered by Koha